LEADER 03131oas 2201237 a 450 001 9910146129503321 005 20260127110036.0 011 $a1440-1584 035 $a(DE-599)ZDB2069573-1 035 $a(OCoLC)45596521 035 $a(CONSER) 00242400 035 $a(CKB)954927713323 035 $a(DE-599)2069573-1 035 $a(EXLCZ)99954927713323 100 $a20001219a19929999 sy 101 0 $aeng 135 $aurmnu|||||||| 181 $ctxt$2rdacontent 182 $cc$2rdamedia 183 $acr$2rdacarrier 200 14$aThe Australian journal of rural health 210 $a[Carlton South, Vic., Australia] $cBlackwell Pub 215 $a1 online resource 300 $aRefereed/Peer-reviewed 311 08$a1038-5282 531 10$aAust J Rural Health 606 $aRural health$vPeriodicals 606 $aRural health$zAustralia$vPeriodicals 606 $aRural Health 606 $aRural Health Care$2ebps 606 $aRural health$2fast$3(OCoLC)fst01101651 606 $aLändlicher Raum$2gnd 606 $aGesundheitsförderung$2gnd 606 $aZeitschrift$2gnd 606 $aOnline-Ressource$2gnd 606 $aMedizinische Versorgung$2gnd 607 $aAustralia 607 $aAustralia$2fast$1https://id.oclc.org/worldcat/entity/E39QbtfRv8PPH7gCqhkJ8DK8bM 607 $aAustralien$2gnd 608 $aPeriodical. 608 $aPeriodicals.$2fast 608 $aPeriodicals.$2lcgft 615 0$aRural health 615 0$aRural health 615 2$aRural Health. 615 7$aRural Health Care. 615 7$aRural health. 615 7$aLändlicher Raum. 615 7$aGesundheitsförderung. 615 7$aZeitschrift. 615 7$aOnline-Ressource. 615 7$aMedizinische Versorgung. 712 02$aNational Rural Health Alliance (Australia), 712 02$aAssociation for Australian Rural Nurses, 712 02$aAustralian College of Rural and Remote Medicine, 712 02$aServices for Australian Rural and Remote Allied Health, 801 0$bMYG 801 1$bMYG 801 2$bWAU 801 2$bOCLCQ 801 2$bWAU 801 2$bOCLCQ 801 2$bTWT 801 2$bOCLCQ 801 2$bOCLCF 801 2$bSCB 801 2$bVT2 801 2$bNLGGC 801 2$bOCLCQ 801 2$bDEFHM 801 2$bOCLCO 801 2$bOCLCA 801 2$bZ5A 801 2$bOCLCO 801 2$bWT2 801 2$bOCLCA 801 2$bOCLCQ 801 2$bBUF 801 2$bOCLCQ 801 2$bOCLCA 801 2$bOCLCQ 801 2$bTOF 801 2$bAU@ 801 2$bOCLCO 801 2$bWYU 801 2$bUKMGB 801 2$bDCHUA 801 2$bU3W 801 2$bOCLCQ 801 2$bOCLCO 801 2$bOCLCA 801 2$bNJT 801 2$bOCLCQ 801 2$bOCLCO 801 2$bOCLCA 801 2$bSFB 801 2$bOCLCA 801 2$bUBY 801 2$bOCLCQ 801 2$bOCLCL 801 2$bOCLCA 801 2$bOCLCL 906 $aJOURNAL 912 $a9910146129503321 996 $aThe Australian journal of rural health$92178202 997 $aUNINA